000 00886nam a22002297a 4500
008 170814b xxu||||| |||| 00| 0 eng d
020 _a9715501478
082 _21995
_aDFil 305.409599
_bH56
100 _922031
_aHilsdon, Anne-Marie.
245 _aMadonnas and martyrs:
_bmilitarism and violence in the Philippines/
_cAnne-Marie Hilsdon.
260 _aQuezon City,
_bADMU Press,
_cc1995.
300 _avii, 224 pages;
_c23 cm.
500 _aIncludes appendices, bibliographical references and index.
650 0 _922032
_aWomen and the military - Philippines.
650 0 _922033
_aMilitarism - Philippines.
650 0 _922034
_aSex crimes - Philippines.
650 0 _922035
_aWomen - Philippines - Crime against.
650 0 _922036
_aWomen - Philippines - Political activity.
650 0 _922037
_aPhilippines. Armed Forces - Women.
365 _aPhp.
_b385.00
942 _2ddc
_cDFIL
999 _c7273
_d7273